Splatnosť mzdy, výplata mzdy a výplatná páska

Nevyplatenie mzdy, náhrady mzdy, cestovných náhrad, náhrady za pracovnú pohotovosť, náhrady príjmu pri dočasnej pracovnej neschopnosti zamestnanca alebo ich častí môže mať za dôsledok okamžité skončenie pracovného pomeru zo strany zamestnanca a tiež žalobu zo strany zamestnanca na súde o doplatenie...

Full description

Saved in:
Bibliographic Details
Main Author: Švaňová, Martina
Format: Book Chapter
Language:Slovak
Subjects:
Tags: Add Tag
No Tags, Be the first to tag this record!

MARC

LEADER 00000naa a2200000 4500
001 0286831
005 20240417075210.6
041 0 |a slo 
044 |a SK 
245 1 0 |a Splatnosť mzdy, výplata mzdy a výplatná páska  |c Martina Švaňová 
520 |a Nevyplatenie mzdy, náhrady mzdy, cestovných náhrad, náhrady za pracovnú pohotovosť, náhrady príjmu pri dočasnej pracovnej neschopnosti zamestnanca alebo ich častí môže mať za dôsledok okamžité skončenie pracovného pomeru zo strany zamestnanca a tiež žalobu zo strany zamestnanca na súde o doplatenie týchto mzdových plnení. Nevyplatenie mzdy je úmyselný trestný čin, za ktorý hrozí odňatie slobody. 
610 2 0 |a mzdy 
610 2 0 |a skončenie pomeru pracovného 
610 2 0 |a zamestnanci 
610 2 0 |a zamestnávatelia 
610 2 0 |a pohotovosť pracovná 
610 2 0 |a povinnosti zamestnávateľov 
100 1 |a Švaňová, Martina